[Event "Bundesliga 2017-18"]
[Site "Dresden GER"]
[Date "2018.02.03"]
[Round "7.8"]
[Board "3"]
[White "Perske, Thore"]
[Black "Tomczak, Jacek"]
[Result "0-1"]
[WhiteTitle "IM"]
[BlackTitle "GM"]
[WhiteElo "2443"]
[BlackElo "2583"]
[WhiteTeam "SV 1920 Hofheim"]
[BlackTeam "SF Berlin 1903"]
[WhiteFideId "12902195"]
[BlackFideId "1124668"]
[EventDate "2017.10.21"]
[EventType "team"]

1. e4 c5 2. Nf3 d6 3. Bb5+ Nd7 4. c3 Nf6 5. Qe2 a6 6. Ba4 Qc7 7. O-O e5 8. d4
Be7 9. d5 O-O 10. c4 b5 11. Bc2 bxc4 12. Nc3 Nb6 13. a4 a5 14. Nd2 Ba6 15. Ndb1
Ne8 16. Na3 Qd7 17. Be3 g6 18. Bh6 Ng7 19. f4 exf4 20. Rxf4 Qd8 21. Raf1 Bg5 22.
Bxg5 Qxg5 23. Qf2 Qe7 24. Nab5 Bxb5 25. Nxb5 Nd7 26. Qd2 Ne5 27. Qc3 Ne8 28. Na3
Qb7 29. Nb5 Qb6 30. Qh3 Qd8 31. Qh6 f6 32. Rh4 Rf7 33. Bd1 Nc7 34. Nxc7 Qxc7 35.
Bg4 g5 36. Be6 gxh4 37. Qxf6 Re8 38. Qg5+ Kh8 39. Bxf7 Nxf7 40. Qf6+ Kg8 41.
Qxh4 Ne5 42. Rf5 Ng6 43. Qg3 Qg7 44. h4 Qd4+ 45. Kh2 Rxe4 0-1

[Event "Bundesliga 2017-18"]
[Site "Norderstedt GER"]
[Date "2018.02.04"]
[Round "8.3"]
[Board "6"]
[White "Kasimdzhanov, Rustam"]
[Black "Heinemann, Thies"]
[Result "0-1"]
[WhiteTitle "GM"]
[BlackTitle "IM"]
[WhiteElo "2676"]
[BlackElo "2484"]
[WhiteTeam "OSG Baden-Baden"]
[BlackTeam "Hamburger SK"]
[WhiteFideId "14200244"]
[BlackFideId "4601556"]
[EventDate "2017.10.21"]
[EventType "team"]

1. d4 Nf6 2. c4 e6 3. Nc3 Bb4 4. e3 b6 5. Ne2 c5 6. a3 Ba5 7. Rb1 Na6 8. Bd2 O-O
9. Ng3 cxd4 10. exd4 Bxc3 11. bxc3 Nc7 12. Be2 Ba6 13. O-O d5 14. cxd5 Qxd5 15.
Bf4 Bxe2 16. Qxe2 Rfc8 17. Rfc1 Nce8 18. Nf1 Qa5 19. c4 Qxa3 20. Ne3 Qe7 21. Qf3
Qd7 22. Be5 Qc6 23. d5 exd5 24. Nf5 Qe6 25. Re1 dxc4 26. Bg3 Qd7 27. Rbd1 Qb5
28. Ne7+ Kf8 29. Nxc8 Rxc8 30. Qb7 Qc5 31. Qxa7 c3 32. Qa2 b5 33. Re5 c2 34. Rc1
Qd4 35. Qb3 Qd2 36. Ree1 Qxe1+ 0-1

[Event "Bundesliga 2017-18"]
[Site "Bremen GER"]
[Date "2018.02.04"]
[Round "8.6"]
[Board "4"]
[White "Bindrich, Falko"]
[Black "McShane, Luke J"]
[Result "0-1"]
[WhiteTitle "GM"]
[BlackTitle "GM"]
[WhiteElo "2598"]
[BlackElo "2647"]
[WhiteTeam "DJK Aufwaerts Aachen"]
[BlackTeam "SV Werder Bremen"]
[WhiteFideId "4676670"]
[BlackFideId "404853"]
[EventDate "2017.10.21"]
[EventType "team"]

1. Nf3 c5 2. c4 Nc6 3. d4 cxd4 4. Nxd4 g6 5. e4 Nf6 6. Nc3 Nxd4 7. Qxd4 d6 8.
Bg5 Bg7 9. Qd2 O-O 10. Bd3 a5 11. a4 Be6 12. b3 Nd7 13. O-O Qb6 14. Rab1 Qb4 15.
Rfc1 Nc5 16. Qc2 Bxc3 17. Qxc3 f6 18. Bh6 Qxc3 19. Rxc3 Rfc8 20. h4 Nxd3 21.
Rxd3 Rc5 22. Be3 Rc6 23. Re1 Kg7 24. f4 Kf7 25. Bf2 Rcc8 26. Red1 Bd7 27. Bg3
Bc6 28. e5 dxe5 29. fxe5 f5 30. Bf4 Rh8 31. Bh6 Ke6 32. R1d2 Rag8 33. Bf4 h6 34.
Rg3 Rh7 35. Re2 Be4 36. Ree3 Kf7 37. Re2 Rhh8 38. Bd2 Ke6 39. Bxa5 g5 40. h5 f4
41. Rc3 Bc6 42. Re1 g4 43. b4 Ra8 44. Bb6 Rxa4 45. b5 Be8 46. Rf1 Rg8 47. Rxf4
Bxb5 48. Kh2 Be8 49. Kg3 Bxh5 50. Be3 Be8 51. Rxg4 Rxg4+ 52. Kxg4 Bb5 53. Bxh6
Bxc4 54. Bf8 Bd5+ 55. Kh5 Ra8 56. Bg7 Bxg2 57. Rc7 Be4 58. Bh6 Rg8 59. Kh4 Rh8
60. Kg5 Bc6 61. Kg6 Rg8+ 62. Kh5 Bf3+ 63. Kh4 Bc6 64. Bg5 Rg7 65. Kg4 Bd5 66.
Kf4 b5 67. Ra7 Bc4 68. Ra6+ Kd5 69. Ra7 Rxg5 70. Kxg5 e6 71. Kf4 Kd4 72. Rb7 Kc3
73. Ke3 b4 74. Ra7 b3 75. Ra3 Kb4 76. Kd4 0-1

[Event "Bundesliga 2017-18"]
[Site "Dresden GER"]
[Date "2018.02.04"]
[Round "8.7"]
[Board "2"]
[White "Moiseenko, Alexander"]
[Black "Mista, Aleksander"]
[Result "1/2-1/2"]
[WhiteTitle "GM"]
[BlackTitle "GM"]
[WhiteElo "2674"]
[BlackElo "2595"]
[WhiteTeam "SV 1930 Hockenheim"]
[BlackTeam "SF Berlin 1903"]
[WhiteFideId "14102560"]
[BlackFideId "1110381"]
[EventDate "2017.10.21"]
[EventType "team"]

1. d4 Nf6 2. c4 e6 3. Nf3 d5 4. Nc3 Nbd7 5. cxd5 exd5 6. Bf4 Nb6 7. e3 Bf5 8.
Ne5 Bd6 9. Bb5+ c6 10. Nxc6 bxc6 11. Bxc6+ Bd7 12. Bxa8 Bxf4 13. exf4 Qe7+ 14.
Qe2 Nxa8 15. Qe5 Nc7 16. O-O Kd8 17. Rac1 Qe6 18. b3 Re8 19. Na4 Qxe5 20. fxe5
Bxa4 21. bxa4 Nd7 22. Rc6 Re6 23. Rfc1 Rxc6 24. Rxc6 Nb6 25. f4 Nc4 26. f5 Kd7
27. Rc5 Ne3 28. e6+ fxe6 29. fxe6+ Nxe6 30. Ra5 Nc7 31. Rxa7 Kc6 32. Ra5 Nf5 33.
Rc5+ Kd6 34. Kf2 Nxd4 35. Rc3 Nc6 36. Ke1 d4 37. Rb3 Na5 38. Rb8 Nc4 39. Rd8+
Kc5 40. Rc8 Kc6 41. Ke2 Kd7 42. Rh8 Ne6 43. Rxh7 Kc6 44. g3 Nc5 45. Rh8 d3+ 46.
Kd1 Kd5 47. Rd8+ Ke4 48. a5 Nxa5 49. Kd2 Nc4+ 50. Kc3 Ne5 51. Re8 Na4+ 52. Kd2
Nb2 53. Kc3 Nc4 54. a4 g6 55. h4 Kf5 56. Rd8 Nb6 57. Rd4 Ke6 58. a5 Nd5+ 59. Kb3
Nc6 60. Rxd3 1/2-1/2

[Event "Bundesliga 2017-18"]
[Site "Deizisau GER"]
[Date "2018.02.24"]
[Round "9.3"]
[Board "6"]
[White "Wirig, Anthony"]
[Black "Seyb, Alexander"]
[Result "1-0"]
[WhiteTitle "GM"]
[BlackTitle "IM"]
[WhiteElo "2498"]
[BlackElo "2403"]
[WhiteTeam "SK Schwaebisch Hall"]
[BlackTeam "SF Berlin 1903"]
[WhiteFideId "615013"]
[BlackFideId "4699033"]
[EventDate "2017.10.21"]
[EventType "team"]

1. d4 Nf6 2. c4 g6 3. g3 c6 4. Bg2 d5 5. Qa4 Bg7 6. cxd5 Nxd5 7. Nf3 O-O 8. O-O
Bg4 9. Nbd2 Nb6 10. Qc2 N8d7 11. h3 Bxf3 12. Nxf3 e5 13. Bg5 Bf6 14. Bxf6 Qxf6
15. Rad1 Rfd8 16. e3 exd4 17. Rxd4 Nf8 18. Rfd1 Ne6 19. Rxd8+ Rxd8 20. Rxd8+
Qxd8 21. Nd2 Nd5 22. a3 c5 23. Ne4 b6 24. Qa4 Qc7 25. Qc4 Ne7 26. Nf6+ Kh8 27.
Qc3 Qd8 28. Ng4+ Ng7 29. Nh6 Qf8 30. Qf6 Nf5 31. Nxf7+ Kg8 32. Bd5 Qe7 33. Nh6+
Kh8 34. Nf7+ Kg8 35. Ne5+ Kh8 36. Qf7 Qxf7 37. Nxf7+ Kg8 38. Ng5+ Kh8 39. Nf7+
Kg8 40. g4 Ne7 41. Bc4 Kf8 42. Ng5 h6 43. Nh7+ Ke8 44. Nf6+ Kd8 45. f4 Ne8 46.
Nxe8 Kxe8 47. Kf2 Nc6 48. Bb5 1-0

[Event "Bundesliga 2017-18"]
[Site "Muelheim GER"]
[Date "2018.02.24"]
[Round "9.7"]
[Board "1"]
[White "Mons, Leon"]
[Black "Navara, David"]
[Result "1/2-1/2"]
[WhiteTitle "IM"]
[BlackTitle "GM"]
[WhiteElo "2500"]
[BlackElo "2726"]
[WhiteTeam "MSA Zugzwang 82"]
[BlackTeam "SV Muelheim Nord"]
[WhiteFideId "4614950"]
[BlackFideId "309095"]
[EventDate "2017.10.21"]
[EventType "team"]

1. Nf3 d5 2. e3 Nf6 3. c4 e6 4. Nc3 Bd6 5. d4 b6 6. Bd3 Bb7 7. O-O O-O 8. b3
Nbd7 9. Bb2 a6 10. Rc1 Ne4 11. Qc2 f5 12. Ne2 c5 13. Ne5 cxd4 14. exd4 Bxe5 15.
dxe5 Ndc5 16. cxd5 Qg5 17. g3 Bxd5 18. Nf4 Rad8 19. Rfd1 Qh6 20. b4 Nxd3 21.
Rxd3 Bxa2 22. Rxd8 Rxd8 23. Qc7 Rf8 24. h4 b5 25. Bd4 g5 26. hxg5 Nxg5 27. Be3
Nh3+ 28. Nxh3 Qxh3 29. Rd1 f4 30. Bxf4 Bd5 31. Rxd5 exd5 32. Qc6 Rxf4 33. gxf4
Qg4+ 34. Kf1 Qd1+ 35. Kg2 Qg4+ 36. Kf1 Qd1+ 1/2-1/2

[Event "Bundesliga 2017-18"]
[Site "Hockenheim GER"]
[Date "2018.02.25"]
[Round "10.6"]
[Board "3"]
[White "Wagner, Dennis"]
[Black "Kopylov, Michael"]
[Result "1-0"]
[WhiteTitle "GM"]
[BlackTitle "IM"]
[WhiteElo "2564"]
[BlackElo "2424"]
[WhiteTeam "SV 1930 Hockenheim"]
[BlackTeam "SK Norderstedt 1975"]
[WhiteFideId "24650684"]
[BlackFideId "14105080"]
[EventDate "2017.10.21"]
[EventType "team"]

1. d4 d5 2. c4 e6 3. Nc3 c6 4. e4 Bb4 5. cxd5 exd5 6. e5 c5 7. Bb5+ Nc6 8. Ne2
Ne7 9. a3 cxd4 10. axb4 dxc3 11. bxc3 O-O 12. Bf4 Ng6 13. Bxc6 bxc6 14. O-O Re8
15. Re1 a5 16. Bg3 Bg4 17. h3 Bxe2 18. Qxe2 axb4 19. Rxa8 Qxa8 20. cxb4 Qa4 21.
Qd2 Qb3 22. Kh2 h6 23. Qd4 Qc2 24. Re3 Qb1 25. Qb6 Qc1 26. b5 cxb5 27. Qxb5 Ra8
28. e6 fxe6 29. Rxe6 Ra1 30. Qe8+ Nf8 31. Bd6 1-0

[Event "Bundesliga 2017-18"]
[Site "Muelheim GER"]
[Date "2018.02.25"]
[Round "10.7"]
[Board "1"]
[White "Fressinet, Laurent"]
[Black "Mons, Leon"]
[Result "0-1"]
[WhiteTitle "GM"]
[BlackTitle "IM"]
[WhiteElo "2657"]
[BlackElo "2500"]
[WhiteTeam "SV Werder Bremen"]
[BlackTeam "MSA Zugzwang 82"]
[WhiteFideId "608742"]
[BlackFideId "4614950"]
[EventDate "2017.10.21"]
[EventType "team"]

1. e4 e5 2. Nf3 Nc6 3. Bb5 a6 4. Ba4 Nf6 5. O-O Be7 6. Re1 b5 7. Bb3 d6 8. c3
O-O 9. h3 Bb7 10. d4 Re8 11. Nbd2 exd4 12. cxd4 Nd7 13. Nf1 Na5 14. Bc2 c5 15.
Ne3 cxd4 16. Nf5 Bf8 17. Bg5 f6 18. Bf4 Ne5 19. N3xd4 Qb6 20. b3 Rad8 21. a4 b4
22. Nf3 Nac6 23. Be3 Qa5 24. Nxe5 dxe5 25. Qg4 Kh8 26. Rad1 Bc8 27. Rd5 Qc7 28.
Qe2 g6 29. Ng3 Nd4 30. Bxd4 exd4 31. Rxd8 Rxd8 32. Bd3 Be6 33. Qf3 Kg7 34. Rb1
a5 35. Ne2 Qf7 36. e5 fxe5 37. Qxf7+ Kxf7 38. Ng3 Rc8 39. Ne4 Be7 40. Kf1 h5 41.
Ke2 g5 42. Nd2 Rc3 43. f3 Kg7 44. g4 e4 45. Bxe4 Bd6 46. Bd3 Bf4 47. Ne4 Rc8 48.
gxh5 Kh6 49. Rb2 Rc1 50. Rc2 Bxb3 51. Rxc1 Bxc1 52. Nc5 Bg8 53. Bc2 Bf4 54. Kd3
Bh7+ 55. Ne4 Be3 56. Kc4 Bg8+ 57. Kb5 Ba2 58. Nc5 d3 59. Bxd3 Bxc5 60. Kxc5 Bg8
61. Kb5 b3 62. Kxa5 Bh7 63. Bc4 b2 64. Ba2 Bg8 65. Bb1 Bh7 66. Ba2 b1=Q 67. Bxb1
Bxb1 68. Kb4 Bf5 69. Kc3 Bxh3 70. Kd4 Kxh5 71. a5 Bc8 72. Ke5 Bb7 73. f4 g4 74.
f5 g3 75. f6 Kg6 76. Ke6 g2 0-1

[Event "Bundesliga 2017-18"]
[Site "Muelheim GER"]
[Date "2018.02.25"]
[Round "10.7"]
[Board "2"]
[White "Kindermann, Stefan"]
[Black "Efimenko, Zahar"]
[Result "1/2-1/2"]
[WhiteTitle "GM"]
[BlackTitle "GM"]
[WhiteElo "2502"]
[BlackElo "2636"]
[WhiteTeam "MSA Zugzwang 82"]
[BlackTeam "SV Werder Bremen"]
[WhiteFideId "4600053"]
[BlackFideId "14107201"]
[EventDate "2017.10.21"]
[EventType "team"]

1. d4 d6 2. e4 g6 3. Nc3 Bg7 4. Be3 a6 5. f4 b5 6. Be2 b4 7. Nb1 Bb7 8. Bf3 Nd7
9. e5 Bxf3 10. Nxf3 Nh6 11. O-O O-O 12. Kh1 c5 13. c3 bxc3 14. bxc3 Qa5 15. Bg1
Rad8 16. Qb3 cxd4 17. cxd4 dxe5 18. dxe5 Nc5 19. Qc3 Qxc3 20. Nxc3 Nd3 21. Nd4 1/2-1/2

[Event "Bundesliga 2017-18"]
[Site "Muelheim GER"]
[Date "2018.02.25"]
[Round "10.7"]
[Board "3"]
[White "Hracek, Zbynek"]
[Black "Bromberger, Stefan"]
[Result "1-0"]
[WhiteTitle "GM"]
[BlackTitle "GM"]
[WhiteElo "2610"]
[BlackElo "2505"]
[WhiteTeam "SV Werder Bremen"]
[BlackTeam "MSA Zugzwang 82"]
[WhiteFideId "300071"]
[BlackFideId "4635248"]
[EventDate "2017.10.21"]
[EventType "team"]

1. e4 c5 2. Nf3 d6 3. d4 cxd4 4. Nxd4 Nf6 5. Nc3 a6 6. Be2 e6 7. Be3 Qc7 8. Qd2
b5 9. a3 Bb7 10. f3 Nc6 11. g4 h6 12. O-O-O b4 13. axb4 Nxb4 14. h4 d5 15. g5
Nh5 16. exd5 Bxd5 17. Kb1 Be7 18. Rhg1 hxg5 19. hxg5 g6 20. f4 Qa5 21. b3 Rc8
22. Na4 Be4 23. Kb2 Bf8 24. Nc3 Bg7 25. Ra1 Qd8 26. Ra4 Rxc3 27. Qxc3 Nxf4 28.
Qxb4 Nxe2 29. Rd1 Rh2 30. Rd2 Qc7 31. Rxa6 Nxd4 32. Bxd4 Qxc2+ 33. Rxc2 Rxc2+
34. Ka3 Bf8 35. Rd6 1-0

[Event "Bundesliga 2017-18"]
[Site "Muelheim GER"]
[Date "2018.02.25"]
[Round "10.7"]
[Board "4"]
[White "Hertneck, Gerald"]
[Black "Nyback, Tomi"]
[Result "1/2-1/2"]
[WhiteTitle "GM"]
[BlackTitle "GM"]
[WhiteElo "2496"]
[BlackElo "2572"]
[WhiteTeam "MSA Zugzwang 82"]
[BlackTeam "SV Werder Bremen"]
[WhiteFideId "4600088"]
[BlackFideId "503142"]
[EventDate "2017.10.21"]
[EventType "team"]

1. Nf3 Nf6 2. c4 g6 3. Nc3 d5 4. cxd5 Nxd5 5. Qa4+ Bd7 6. Qh4 Nxc3 7. dxc3 Nc6
8. e4 e5 9. Bg5 Be7 10. Qh6 Bxg5 11. Nxg5 Qe7 12. Bc4 f6 13. Nf3 O-O-O 14. Qe3
Kb8 15. O-O f5 16. Qg5 Rhe8 17. Rad1 Na5 18. Be2 b6 19. Qxe7 Rxe7 20. Rd5 Rde8
21. Rfd1 Be6 22. Rxe5 Bxa2 23. Rxe7 Rxe7 24. Ba6 c5 25. exf5 gxf5 26. b4 Nc6 27.
bxc5 bxc5 28. Rd6 Ne5 29. Nd2 Rd7 30. Rxd7 Nxd7 31. Bc4 Bxc4 32. Nxc4 Nb6 33.
Nd6 f4 34. Ne4 c4 35. Kf1 a5 36. Ke2 Kc7 37. Kd2 Nd5 38. Kc2 Kd7 39. Kb2 Ke6 40.
Nc5+ Kf5 41. Nb7 f3 42. gxf3 Kf4 43. Nxa5 Kxf3 44. Nxc4 Kxf2 45. Ne5 Nxc3 46.
Kxc3 Kg2 47. h4 Kh3 48. h5 Kh4 49. h6 Kg5 50. Kd4 1/2-1/2

[Event "Bundesliga 2017-18"]
[Site "Muelheim GER"]
[Date "2018.02.25"]
[Round "10.7"]
[Board "5"]
[White "Spoelman, Wouter"]
[Black "Zysk, Robert"]
[Result "0-1"]
[WhiteTitle "GM"]
[BlackTitle "IM"]
[WhiteElo "2586"]
[BlackElo "2400"]
[WhiteTeam "SV Werder Bremen"]
[BlackTeam "MSA Zugzwang 82"]
[WhiteFideId "1010891"]
[BlackFideId "4600410"]
[EventDate "2017.10.21"]
[EventType "team"]

1. d4 e6 2. c4 Bb4+ 3. Nd2 c5 4. a3 Bxd2+ 5. Qxd2 cxd4 6. Nf3 Nf6 7. Nxd4 O-O 8.
e3 Nc6 9. b4 a5 10. Bb2 axb4 11. axb4 Rxa1+ 12. Bxa1 d5 13. c5 Re8 14. Bd3 Ne4
15. Nxc6 bxc6 16. Qc2 e5 17. O-O Qg5 18. b5 cxb5 19. Bxb5 Rf8 20. f4 exf4 21.
exf4 Qe7 22. Bd4 Bf5 23. Bd3 Rc8 24. Rb1 h6 25. g3 Qd7 26. Rb6 f6 27. c6 Qd6 28.
Kg2 Rc7 29. Bb2 Qe6 30. Ba3 h5 31. Ra6 h4 32. Ra8+ Kh7 33. Qe2 Bg4 34. Qe3 h3+
35. Kg1 Rxc6 36. Ra5 f5 37. Bb2 Rc7 38. Ra6 Qe7 39. Qb6 Qc5+ 40. Qxc5 Nxc5 41.
Ra3 Nxd3 42. Rxd3 Rc2 43. Rb3 Rg2+ 44. Kh1 Bd1 45. Rb7 Bf3 0-1

[Event "Bundesliga 2017-18"]
[Site "Muelheim GER"]
[Date "2018.02.25"]
[Round "10.7"]
[Board "6"]
[White "Schramm, Christian"]
[Black "Babula, Vlastimil"]
[Result "1/2-1/2"]
[WhiteTitle "FM"]
[BlackTitle "GM"]
[WhiteElo "2368"]
[BlackElo "2556"]
[WhiteTeam "MSA Zugzwang 82"]
[BlackTeam "SV Werder Bremen"]
[WhiteFideId "4612248"]
[BlackFideId "301264"]
[EventDate "2017.10.21"]
[EventType "team"]

1. e4 c5 2. Nf3 e6 3. d4 cxd4 4. Nxd4 Nc6 5. Nc3 Qc7 6. Be2 a6 7. O-O Nf6 8. Be3
Be7 9. f4 d6 10. Qe1 O-O 11. Qg3 Nxd4 12. Bxd4 b5 13. a3 Bb7 14. Bd3 Rad8 15.
Kh1 Bc6 16. Rae1 Qb7 17. Qh3 h6 18. Rf3 b4 19. Rg3 Kh8 20. Nd5 Bxd5 21. Rxg7
Kxg7 22. Qg4+ Kh8 23. Qh4 Kg7 24. Qg4+ Kh8 25. Qh4 Kg7 26. Qg4+ 1/2-1/2

[Event "Bundesliga 2017-18"]
[Site "Muelheim GER"]
[Date "2018.02.25"]
[Round "10.7"]
[Board "7"]
[White "Werle, Jan"]
[Black "Eichler, Christoph"]
[Result "1-0"]
[WhiteTitle "GM"]
[BlackTitle "FM"]
[WhiteElo "2526"]
[BlackElo "2286"]
[WhiteTeam "SV Werder Bremen"]
[BlackTeam "MSA Zugzwang 82"]
[WhiteFideId "1006088"]
[BlackFideId "4633563"]
[EventDate "2017.10.21"]
[EventType "team"]

1. d4 d5 2. c4 e6 3. Nc3 Nf6 4. cxd5 Nxd5 5. e4 Nxc3 6. bxc3 c5 7. Rb1 Be7 8.
Bb5+ Nd7 9. Nf3 O-O 10. O-O Qc7 11. h4 b6 12. Bg5 Bxg5 13. hxg5 Bb7 14. Qe2 Rfd8
15. Rfe1 Rac8 16. Rbd1 cxd4 17. cxd4 Qc3 18. Bxd7 Rxd7 19. d5 exd5 20. e5 d4 21.
Rd3 Qc4 22. g6 hxg6 23. Ng5 Ba6 24. e6 fxe6 25. Qg4 Rc5 26. Rxe6 Qc1+ 27. Kh2
Rxg5 28. Re8+ Kh7 29. Rh3+ Rh5 30. Rxh5+ gxh5 31. Qf5+ g6 32. Qxd7+ Kh6 33. Rh8+
Kg5 34. Qe7+ 1-0

[Event "Bundesliga 2017-18"]
[Site "Muelheim GER"]
[Date "2018.02.25"]
[Round "10.7"]
[Board "8"]
[White "Lammers, Markus"]
[Black "Markgraf, Alexander"]
[Result "1/2-1/2"]
[WhiteTitle "IM"]
[BlackTitle "IM"]
[WhiteElo "2308"]
[BlackElo "2513"]
[WhiteTeam "MSA Zugzwang 82"]
[BlackTeam "SV Werder Bremen"]
[WhiteFideId "4680847"]
[BlackFideId "4646410"]
[EventDate "2017.10.21"]
[EventType "team"]

1. Nf3 f5 2. d4 Nf6 3. g3 g6 4. Bg2 Bg7 5. O-O O-O 6. c4 d6 7. Nc3 Qe8 8. d5 Na6
9. Rb1 c6 10. dxc6 bxc6 11. b4 Bd7 12. a3 Nc7 13. Bb2 Ne6 14. c5 d5 15. Ne5 d4
16. Na2 Ne4 17. Nf3 Rd8 18. Qb3 Kh8 19. Rbd1 Bc8 20. e3 dxe3 21. Bxg7+ Nxg7 22.
Qxe3 Ba6 23. Rfe1 Qf7 24. Nc1 Qf6 25. Nd4 e5 26. Nc2 Bb5 27. Qb3 Rxd1 28. Rxd1
Rd8 29. Ne3 Rd4 30. a4 Ba6 31. Bxe4 fxe4 32. b5 Bb7 33. b6 a5 34. Ne2 Ne6 35.
Nxd4 exd4 36. Qb2 Ng5 37. h4 Nf3+ 38. Kg2 Kg8 39. Qb3+ Kg7 40. Nc2 d3 41. Ne3 h5
42. Qc4 Qe5 43. Rc1 d2 44. Rd1 Bc8 45. Qa2 Ne1+ 46. Kh1 Nd3 47. Rxd2 Qxc5 48.
Rxd3 exd3 49. Qb2+ Kg8 50. b7 Bxb7 51. Qxb7 Qc3 52. Qc8+ Kg7 53. Qd7+ Kf8 54.
Qd6+ Kg7 55. Qe7+ Kg8 56. Qe6+ Kg7 57. Nc4 Qa1+ 58. Kh2 Qd4 59. Qe7+ Kg8 60.
Qe8+ Kg7 61. Qxc6 Qxf2+ 62. Qg2 Qc2 63. Nd2 Qxa4 64. Qb7+ Kh6 65. Qb8 Qd4 66.
Qf4+ Qxf4 67. gxf4 a4 68. Kg3 a3 69. Kf3 Kg7 70. Ke3 a2 71. Nb3 Kf6 72. Kxd3 Kf5
73. Ke3 Kg4 74. Na1 Kxh4 75. Kf3 g5 76. Nc2 g4+ 77. Kg2 g3 78. f5 Kg5 79. Kxg3
Kxf5 80. Kh4 Kf4 81. Kxh5 Kf3 82. Na1 Ke3 83. Kg4 Kd3 1/2-1/2

[Event "Bundesliga 2017-18"]
[Site "Muelheim GER"]
[Date "2018.02.25"]
[Round "10.8"]
[Board "1"]
[White "Navara, David"]
[Black "Bischoff, Klaus"]
[Result "1-0"]
[WhiteTitle "GM"]
[BlackTitle "GM"]
[WhiteElo "2726"]
[BlackElo "2510"]
[WhiteTeam "SV Muelheim Nord"]
[BlackTeam "FC Bayern Muenchen"]
[WhiteFideId "309095"]
[BlackFideId "4600045"]
[EventDate "2017.10.21"]
[EventType "team"]

1. e4 c5 2. Nf3 e6 3. d4 cxd4 4. Nxd4 Nc6 5. Nc3 d6 6. Be3 a6 7. Qd2 Bd7 8.
O-O-O Rc8 9. Kb1 Nf6 10. f3 b5 11. g4 h6 12. h4 Ne5 13. a3 g6 14. Rg1 Nc4 15.
Bxc4 Rxc4 16. g5 hxg5 17. hxg5 Nh5 18. f4 Qb8 19. Qd3 Qc8 20. f5 Rxc3 21. bxc3
e5 22. fxg6 fxg6 23. Nb3 Be6 24. Bb6 Be7 25. Ba5 Nf4 26. Qd2 Qc6 27. Bb4 Bxb3
28. cxb3 Qxe4+ 29. Ka1 Rh3 30. Rge1 Qc6 31. Qc2 a5 32. Bxa5 Bxg5 33. Rg1 Bf6 34.
Bb4 d5 35. Rxg6 e4 36. Rg8+ Kf7 37. Rf8+ Ke6 38. Kb1 Rf3 39. Qh2 Nd3 40. Rxd3
exd3 41. Qh1 Qb6 42. Qe1+ Kf5 43. Be7 Kg4 44. Qd1 1-0

[Event "Bundesliga 2017-18"]
[Site "Muelheim GER"]
[Date "2018.02.25"]
[Round "10.8"]
[Board "2"]
[White "Johansson, Linus"]
[Black "Tregubov, Pavel V."]
[Result "0-1"]
[WhiteTitle "IM"]
[BlackTitle "GM"]
[WhiteElo "2468"]
[BlackElo "2589"]
[WhiteTeam "FC Bayern Muenchen"]
[BlackTeam "SV Muelheim Nord"]
[WhiteFideId "1711113"]
[BlackFideId "4115341"]
[EventDate "2017.10.21"]
[EventType "team"]

1. d4 Nf6 2. c4 c5 3. Nf3 cxd4 4. Nxd4 Nc6 5. g3 Qb6 6. Nb3 Ne5 7. c5 Qc6 8. f3
d6 9. cxd6 e6 10. Bg2 Bxd6 11. O-O O-O 12. Kh1 Nc4 13. Qe1 e5 14. Nc3 h6 15. e4
b6 16. f4 Ba6 17. Nd5 Nxd5 18. exd5 Qd7 19. Qe2 Rfe8 20. f5 f6 21. Qg4 Kh8 22.
Qh5 Bf8 23. g4 Kg8 24. h4 Nd6 25. Rf2 Qf7 26. Qxf7+ Kxf7 27. Be3 Rac8 28. Kh2
Nc4 29. Re1 Bb4 30. Ree2 Nd6 31. Rc2 Be1 32. Rxc8 Rxc8 33. Rf3 Be2 0-1

[Event "Bundesliga 2017-18"]
[Site "Muelheim GER"]
[Date "2018.02.25"]
[Round "10.8"]
[Board "3"]
[White "Fridman, Daniel"]
[Black "Fedorovsky, Michael"]
[Result "1/2-1/2"]
[WhiteTitle "GM"]
[BlackTitle "IM"]
[WhiteElo "2626"]
[BlackElo "2478"]
[WhiteTeam "SV Muelheim Nord"]
[BlackTeam "FC Bayern Muenchen"]
[WhiteFideId "11600454"]
[BlackFideId "14105454"]
[EventDate "2017.10.21"]
[EventType "team"]

1. Nf3 Nf6 2. c4 e6 3. g3 d5 4. d4 dxc4 5. Bg2 a6 6. Ne5 Bb4+ 7. Nc3 Nd5 8. Bd2
b5 9. O-O Be7 10. b3 Bb7 11. bxc4 Nxc3 12. Bxc3 Bxg2 13. Kxg2 O-O 14. Qb3 Qc8
15. Rfb1 bxc4 16. Qxc4 c5 17. d5 exd5 18. Qxd5 Ra7 19. Rb3 Bf6 20. Rc1 Nd7 21.
Nc4 Bxc3 22. Rbxc3 Nf6 23. Qf3 Rc7 24. Rd3 Rd8 25. Rcd1 Rxd3 26. Rxd3 h6 27. Rd6
Ne8 28. Rb6 Re7 29. Rc6 Rc7 30. Rxc7 Nxc7 31. Qc6 Qe6 32. Qxe6 Nxe6 33. Kf3 Nd4+
34. Ke3 Kf8 35. Na5 Ke7 36. Nb7 Ne6 37. Ke4 c4 38. Na5 f5+ 39. Ke3 Kd6 40. Nxc4+
Kc5 41. Kd3 Kb4 42. Ne3 Ka3 43. Nxf5 Kxa2 44. Kc4 Kb2 45. e4 a5 46. Kb5 Kc3 47.
Kxa5 Kd3 48. f3 g6 49. Nxh6 Ke3 50. Kb6 Kxf3 51. e5 Ke4 52. Nf7 Kd5 53. h4 Nd4
54. Kc7 Ke6 55. Nh8 Kxe5 56. Nxg6+ Kf5 57. Nf4 Kg4 58. Kd7 Kxg3 59. h5 Nf5 1/2-1/2

[Event "Bundesliga 2017-18"]
[Site "Muelheim GER"]
[Date "2018.02.25"]
[Round "10.8"]
[Board "4"]
[White "Lindgren, Philip"]
[Black "Landa, Konstantin"]
[Result "0-1"]
[WhiteTitle "IM"]
[BlackTitle "GM"]
[WhiteElo "2380"]
[BlackElo "2607"]
[WhiteTeam "FC Bayern Muenchen"]
[BlackTeam "SV Muelheim Nord"]
[WhiteFideId "1713230"]
[BlackFideId "4101685"]
[EventDate "2017.10.21"]
[EventType "team"]

1. c4 e6 2. Nf3 d5 3. g3 dxc4 4. Qa4+ Nd7 5. Qxc4 a6 6. Bg2 b5 7. Qc2 Bb7 8. O-O
Ngf6 9. b3 c5 10. Bb2 Bd6 11. d3 O-O 12. Nbd2 Qc7 13. Rac1 Rac8 14. Qb1 Qb8 15.
Qa1 Rfd8 16. Rc2 Bf8 17. Rfc1 Qa8 18. a3 h6 19. h3 Re8 20. Kh2 Qb8 21. Rg1 e5
22. e4 Qd6 23. Bf1 g6 24. Be2 Bg7 25. Rgc1 Nh7 26. Bc3 Nhf8 27. b4 Ne6 28. Nb3
cxb4 29. axb4 Rc7 30. Bd2 Rec8 31. Rxc7 Rxc7 32. Rxc7 Qxc7 33. Na5 Ba8 34. Qc1
Qxc1 35. Bxc1 Bf8 36. Bd2 f5 37. exf5 gxf5 38. Bc3 Kf7 39. Nb3 Bd6 40. Kg1 Nc7
41. Bd2 Nd5 42. d4 Bxb4 43. Nxe5+ Nxe5 44. Bxb4 Nxb4 45. dxe5 Bd5 46. Nd4 Nc6
47. Nxc6 Bxc6 48. Kf1 a5 49. Ke1 b4 50. Bc4+ Kg6 51. f4 a4 52. Kd2 Bg2 53. h4
Be4 54. Kc1 a3 55. Bb3 Kg7 56. Bc4 Kf8 57. Bb3 Ke7 58. Bc4 Kd7 59. Bb3 Kc6 60.
Ba2 Bd5 61. Bxd5+ Kxd5 62. Kc2 a2 63. Kb2 b3 64. h5 Kc5 65. Ka1 Kc4 66. Kb2 Kd3 0-1